[Event "Maastricht Limburg op Veterans 5th"]
[Site "Maastricht"]
[Date "2011.06.11"]
[Round "2"]
[White "Simon, Martin KH"]
[Black "Boer, Henk"]
[Result "1/2-1/2"]
[WhiteElo "1810"]
[BlackElo "1738"]
[PlyCount "41"]
[EventDate "2011.06.10"]
[EventType "swiss"]
[EventRounds "5"]
[EventCountry "NED"]
[SourceTitle "EXT 2012"]
[Source "ChessBase"]
[SourceDate "2011.11.24"]
[SourceVersion "1"]
[SourceVersionDate "2011.11.24"]
[SourceQuality "1"]

1. d4 d5 2. Nf3 Nf6 3. Bf4 c6 4. e3 Bg4 5. Nbd2 e6 6. h3 Bh5 7. c3 Nbd7 8. Be2 Qb6 9. Qb3 Be7 10. g4 Bg6 11. Ne5 Nxe5 12. Bxe5 0-0 13. Qxb6 axb6 14. 0-0 Nd7 15. Bg3 c5 16. f4 f5 17. g5 Rfc8 18. h4 Be8 19. Kg2 Nf8 20. Bf2 Ba4 21. a3 1/2-1/2